[Event "Platja d'Aro op-A 7th"]
[Site "Platja d'Aro"]
[Date "2019.06.28"]
[Round "5"]
[White "Ayats Llobera, Gerard"]
[Black "Mahajan, Ayush"]
[Result "1/2-1/2"]
[WhiteElo "2377"]
[BlackElo "1533"]
[PlyCount "67"]
[EventDate "2019.06.24"]
[EventType "swiss"]
[EventRounds "9"]
[EventCountry "ESP"]
[SourceTitle "CBM 191 Extra"]
[Source "ChessBase"]
[SourceDate "2019.09.30"]
[SourceVersion "1"]
[SourceVersionDate "2019.09.30"]
[SourceQuality "1"]

1. e4 e5 2. Nf3 Nc6 3. Bb5 a6 4. Ba4 g6 5. d3 Bg7 6. c3 Nge7 7. 0-0 0-0 8. Re1 b5 9. Bc2 d6 10. Qe2 h6 11. d4 exd4 12. Nxd4 Nxd4 13. cxd4 Nc6 14. d5 Nd4 15. Qd1 f5 16. exf5 Nxc2 17. Qxc2 Bxf5 18. Qb3 Qh4 19. Be3 Be5 20. g3 Qf6 21. Nc3 g5 22. Rac1 Bg4 23. Ne4 Qf5 24. Nd2 Rf7 25. Qb4 Bh5 26. Rc6 Qd3 27. Rec1 Qxd5 28. Rxc7 a5 29. Rc8+ Kg7 30. Qb3 Qxb3 31. Nxb3 Rxc8 32. Rxc8 Bxb2 33. Nxa5 Be5 34. Nb3 1/2-1/2

[Event "Platja d'Aro op-A 7th"]
[Site "Platja d'Aro"]
[Date "2019.06.25"]
[Round "2"]
[White "Mahajan, Ayush"]
[Black "Vidarte Morales, Arturo"]
[Result "0-1"]
[WhiteElo "1533"]
[BlackElo "2364"]
[PlyCount "42"]
[EventDate "2019.06.24"]
[EventType "swiss"]
[EventRounds "9"]
[EventCountry "ESP"]
[SourceTitle "CBM 191 Extra"]
[Source "ChessBase"]
[SourceDate "2019.09.30"]
[SourceVersion "1"]
[SourceVersionDate "2019.09.30"]
[SourceQuality "1"]

1. e4 d6 2. d4 g6 3. Nc3 Bg7 4. Be3 e6 5. Qd2 Nd7 6. f3 b5 7. g4 Ngf6 8. a3 Bb7 9. Nge2 Nb6 10. Ng3 h5 11. g5 Nfd7 12. h4 a6 13. f4 Qe7 14. a4 b4 15. Nd1 a5 16. c4 bxc3 17. Nxc3 Ba6 18. Bxa6 Rxa6 19. Qd3 Ra8 20. f5 Nf8 21. 0-0 Nbd7 0-1

[Event "Mumbai Wealth op U13 4th"]
[Site "Mumbai"]
[Date "2019.01.07"]
[Round "9"]
[White "Vaval, Aaditi"]
[Black "Mahajan, Ayush"]
[Result "1/2-1/2"]
[WhiteElo "1367"]
[BlackElo "1629"]
[PlyCount "141"]
[EventDate "2018.12.30"]
[EventType "swiss"]
[EventRounds "9"]
[EventCountry "IND"]
[SourceTitle "CBM 188 Extra"]
[Source "ChessBase"]
[SourceDate "2019.02.28"]
[SourceVersion "1"]
[SourceVersionDate "2019.02.28"]
[SourceQuality "1"]

1. e4 e5 2. d4 exd4 3. Nf3 Nc6 4. Bc4 Bc5 5. c3 Nf6 6. e5 d5 7. Bb5 Ne4 8. Nxd4 0-0 9. Bxc6 bxc6 10. 0-0 Ba6 11. Re1 f6 12. e6 Re8 13. f3 Ng5 14. Bxg5 fxg5 15. Kh1 Bxd4 16. Qxd4 Qf6 17. Qa4 Rxe6 18. Nd2 Bb5 19. Qg4 Rae8 20. Red1 Qe5 21. h3 Qf4 22. Qxf4 gxf4 23. Nb3 Re2 24. Rab1 Ba4 25. Rd4 Bxb3 26. axb3 g5 27. Ra4 Ra8 28. Ra6 Re6 29. Rba1 Kf7 30. Rxa7 Re1+ 31. Rxe1 Rxa7 32. Kg1 h6 33. b4 Ra2 34. Re2 Ra1+ 35. Kf2 Rh1 36. Rd2 h5 37. Re2 Rd1 38. Rc2 Rd3 39. Ke2 Re3+ 40. Kf2 Kf6 41. Rd2 Kf5 42. b5 cxb5 43. Rxd5+ Re5 44. Rd7 c5 45. Rb7 c4 46. Rb6 Rd5 47. Ke2 g4 48. hxg4+ hxg4 49. Rb8 Re5+ 50. Kd2 gxf3 51. gxf3 Kg5 52. Rg8+ Kh6 53. Rg4 Rf5 54. Kc2 Kh5 55. b3 cxb3+ 56. Kxb3 Kh6 57. Kb4 Kh5 58. Rg8 Kh4 59. Rg4+ Kh5 60. c4 bxc4 61. Kxc4 Kh6 62. Kd4 Kh5 63. Ke4 Ra5 64. Rxf4 Ra1 65. Rf8 Re1+ 66. Kf5 Kh4 67. f4 Kg3 68. Rg8+ Kf3 69. Rh8 Rf1 70. Rh3+ Kg2 71. Ra3 1/2-1/2

[Event "Mumbai Wealth op U13 4th"]
[Site "Mumbai"]
[Date "2018.12.31"]
[Round "2"]
[White "Mahajan, Ayush"]
[Black "Vivaan, Vijay Saraogi"]
[Result "0-1"]
[WhiteElo "1629"]
[BlackElo "1290"]
[PlyCount "80"]
[EventDate "2018.12.30"]
[EventType "swiss"]
[EventRounds "9"]
[EventCountry "IND"]
[SourceTitle "CBM 188 Extra"]
[Source "ChessBase"]
[SourceDate "2019.02.28"]
[SourceVersion "1"]
[SourceVersionDate "2019.02.28"]
[SourceQuality "1"]

1. e4 d5 2. exd5 Nf6 3. d4 Bg4 4. f3 Bf5 5. g4 Bg6 6. c4 e6 7. g5 Nh5 8. f4 Be4 9. Qxh5 Bxh1 10. dxe6 g6 11. exf7+ Kxf7 12. Qd1 Bb4+ 13. Nc3 Re8+ 14. Be2 Nc6 15. d5 Ne7 16. Qd3 Nf5 17. Bd2 Qd6 18. 0-0-0 Bxc3 19. Qxc3 b5 20. c5 Qa6 21. Qb3 Nd4 22. Qd3 Qa4 23. Be1 Be4 24. Qc3 b4 25. Qc4 Nxe2+ 26. Nxe2 Bf3 27. d6+ Re6 28. Nc3 Qc6 29. Nb5 Bxd1 30. Nxc7 Bg4 31. Nxa8 Qxa8 32. c6 Be2 33. Qd5 Bb5 34. Qxb5 Rxe1+ 35. Kd2 Qe8 36. Qd3 Rg1 37. Qd5+ Qe6 38. Qxe6+ Kxe6 39. d7 Ke7 40. c7 Kxd7 0-1

[Event "IND-ch U11 30th"]
[Site "India"]
[Date "2016.07.01"]
[Round "5"]
[White "Mahajan, Ayush"]
[Black "Dikshant, Dash"]
[Result "0-1"]
[WhiteElo "1335"]
[BlackElo "1589"]
[PlyCount "46"]
[EventDate "2016.06.28"]
[EventType "swiss"]
[EventRounds "11"]
[EventCountry "IND"]
[SourceTitle "CBM 173 Extra"]
[Source "ChessBase"]
[SourceDate "2016.08.29"]
[SourceVersion "1"]
[SourceVersionDate "2016.08.29"]
[SourceQuality "1"]

1. d4 d5 2. e3 e6 3. Bd3 Nf6 4. Nd2 c5 5. c3 Nc6 6. f4 Bd6 7. g3 0-0 8. Ngf3 Qe7 9. 0-0 g6 10. Ne5 Bxe5 11. fxe5 Nd7 12. Nf3 f6 13. exf6 Nxf6 14. dxc5 e5 15. Bc2 Bh3 16. Re1 Bg4 17. e4 dxe4 18. Bxe4 Nxe4 19. Qd5+ Qf7 20. Qxe4 Qxf3 21. Qc4+ Kh8 22. Bh6 Qf2+ 23. Kh1 Bf3# 0-1

[Event "IND-ch U11 30th"]
[Site "India"]
[Date "2016.06.29"]
[Round "3"]
[White "Mahajan, Ayush"]
[Black "Samip, Roy"]
[Result "0-1"]
[WhiteElo "1335"]
[BlackElo "1664"]
[PlyCount "64"]
[EventDate "2016.06.28"]
[EventType "swiss"]
[EventRounds "11"]
[EventCountry "IND"]
[SourceTitle "CBM 173 Extra"]
[Source "ChessBase"]
[SourceDate "2016.08.29"]
[SourceVersion "1"]
[SourceVersionDate "2016.08.29"]
[SourceQuality "1"]

1. e4 e5 2. Nf3 Nc6 3. Bc4 Bc5 4. c3 Nf6 5. d3 h6 6. Nbd2 d6 7. h3 Bb6 8. Bb3 Be6 9. Bc2 d5 10. 0-0 0-0 11. Re1 d4 12. Nf1 Qd7 13. Ng3 Kh7 14. Kh2 dxc3 15. bxc3 Bxf2 16. Rf1 Bxg3+ 17. Kxg3 Rad8 18. Be3 Qe7 19. Qb1 b6 20. d4 Bc4 21. Re1 Kh8 22. d5 Na5 23. Nd2 Ba6 24. Qb4 Nh5+ 25. Kh2 Qh4 26. Bd1 Qg3+ 27. Kg1 Qxe1+ 28. Nf1 Qxf1+ 29. Kh2 Nf4 30. Bxf4 Qxf4+ 31. Kh1 Bc4 32. Bf3 g5 0-1